00358nam a22001337a 450000500170000000800410001704100130005808200150007110000130008624500650009926000090016430000250017365000260019820231031085427.0231031b |||||||| |||| 00| 0 eng d aEnglish  a347.1 SUP  lEnglish  aSupreme Court Act and Rules of the Supreme Court of Namibia  c1990 b27 pages ; c34 cm.  alegal practice bLaw